Leer para aprender en las clases de Ciencias Naturales. (Registro nro. 32718)
[ vista simple ]
| 000 -CABECERA | |
|---|---|
| campo fijo de control de longitud | 01687nab a2200265 4500 |
| 003 - IDENTIFICADOR DEL NÚMERO DE CONTROL | |
| campo de control | AR-RoBPED |
| 005 - FECHA Y HORADE LA ULTIMA TRANSACCION | |
| campo de control | 20260507100842.0 |
| 008 - ELEMENTOS DE LONGITUD FIJA--INFORMACION GENERAL | |
| campo fijo de control de longitud | 260507b |||||||| |||| 00| 0 spa d |
| 040 ## - FUENTE CATALOGADORA | |
| Centro catalogador/agencia de origen | AR-RoBPED |
| 041 ## - IDIOMA | |
| Código de idioma para texto/pista de sonido o título independiente | spa |
| 100 1# - ENCABEZAMIENTO PRINCIPAL--AUTOR PERSONAL | |
| Nombre de persona | Galfrascoli, Adrián |
| 9 (RLIN) | 30670 |
| Función | Profesor en Ciencias Naturales y magíster en Didáctica de las Ciencias Experimentales |
| 245 1# - TITULO | |
| Título | Leer para aprender en las clases de Ciencias Naturales. |
| Subtítulo | Una experiencia en la formación de maestras y maestros / |
| 260 ## - PUBLICACION | |
| Lugar | Buenos Aires : |
| Editor | Noveduc, |
| Fecha | 2023 |
| 300 ## - DESCRIPCION FISICA | |
| Extensión | 16-20 p. |
| 500 ## - NOTA GENERAL | |
| Nota general | Se reflexiona acerca del rol que los docentes le asignan a la comprensión y producción de textos en las clases de ciencias más allá de los primeros años de escolaridad y, también, acerca de las relaciones entre lectura y escritura y enseñanza de las ciencias una vez alcanzada la alfabetización inicial. Para la reflexión, se analiza una experiencia desarrollada en un profesorado para la Enseñanza Primaria en la cual se propone a los estudiantes que elaboren una serie de actividades que promuevan procesos de comprensión lectora y favorezcan el aprendizaje de contenidos vinculados al área de Ciencias Naturales. |
| 650 #7 - TERMINO DE MATERIA--CONTROLADO | |
| Término controlado | EXPERIENCIA PEDAGOGICA |
| 9 (RLIN) | 3265 |
| Término controlado | PROCESO ENSEÑANZA-APRENDIZAJE |
| 9 (RLIN) | 15747 |
| Término controlado | ACTIVIDADES DIDACTICAS |
| 9 (RLIN) | 18754 |
| Término controlado | ALFABETIZACION |
| 9 (RLIN) | 386 |
| Término controlado | ENSEÑANZA DE LAS CIENCIAS NATURALES |
| 9 (RLIN) | 568 |
| Término controlado | FORMACION DE DOCENTES |
| 9 (RLIN) | 1259 |
| 773 0# - DOCUMENTO FUENTE | |
| Host Biblionumber | 20414 |
| Host Itemnumber | 41865 |
| Place, publisher, and date of publication | Buenos Aires : Noveduc, 1993- |
| Título | Novedades Educativas |
| Record control number | (AR-RoBPED)20414 |
| International Standard Serial Number | 03283534 |
| 942 ## - ELEMENTOS KOHA | |
| Fuente de clasificación | Universal Decimal Classification |
| Koha tipo de ítem | Revistas |
| Clasificación | 37(05) |
| Signatura librística | Nov 86 N° 390 (Sept.2023) |
| Número Koha | k.32718 |
| 945 ## - PROCESAMIENTO DE LA INFORMACIÓN LOCAL | |
| Catalogador y fecha | mar 05/2026 |
No hay ítems disponibles.